Búchanie do stola nie je vždy taktikou minister zahraničných vecí Eduard Kukan exkluzívne pre HN

Bibliographic Details
Main Authors: Ďuríček, Andrej (ain), Stavrovská, Ivana (Author), Kukan, Eduard, 1939-2022 (Author)
Format: Article
Language:Slovak
PhysicalDescription:Fotogr.
ISSN:1335-4701
Subjects:

MARC

LEADER 00000nab a2200000 a 4500
001 vtls000781856
003 SK-MaSNL
005 20260303072548.0
008 140301c2002 xo 0 slo
015 |a SNBRB2002/02-04582 
035 |a CLN000133582 
040 |a SNKBUCL  |b slo  |c SNKBUCL  |e AACR2 
041 0 |a slo 
044 |a xo  |c SK 
080 |a 341.7(437.6)  |2 1997 
080 |a 327(437.6)  |2 1997 
100 1 |a Ďuríček, Andrej  |4 ain  |9 768676 
245 1 0 |a Búchanie do stola nie je vždy taktikou  |b minister zahraničných vecí Eduard Kukan exkluzívne pre HN  |c Andrej Ďuríček, Ivana Stavrovská 
300 |b Fotogr. 
650 0 7 |a diplomacia slovenská  |2 snkbucl  |9 918833 
651 7 |a Slovensko  |x politika zahraničná  |2 snkbucl  |9 840717 
655 7 |a články z novín a časopisov  |2 snkbucl  |9 267496 
700 1 |a Stavrovská, Ivana  |4 aut  |9 840629 
700 1 |a Kukan, Eduard,  |d 1939-2022  |4 aut  |9 113940 
773 0 |t Hospodárske noviny  |g Roč. 10, č. 17 (24.1.2002), s. 1 a 7  |x 1335-4701 
850 |a Slovenská národná knižnica v Martine 
852 |a SNK  |b KIS3GCP 
958 |a SK 
992 |a RBX 
999 |c 1763903  |d 1765833